000 00889nam a22001337a 4500
040 _cRUA
082 _aFOR CHA 2003 B143 Or.1
100 _aCHAMROEUN, SOKLIM.
245 _athe study of inserting domestic tree valuable in ou dong mountain to make the area the natural historic workshop (សិក្សាពីការដាក់បញ្ចូលប្រភេទឈើក្នុងស្រុក្នុងស្រុកមានតំលៃនៅក្នុងតំបន់ភ្នំឧត្តុង្គ ដើម្បីអោយតំបន់នៅក្លាយជាតំបន់គោរពបូជាប្រវត្តិសាស្រ្តធម្មជាតិ)
260 _aPhnom Penh
_bRUA
_c2003
300 _aiv, 40p.
_bill.
_c29cm.
856 _uhttps://drive.google.com/file/d/1450S2Wjti7-lusUsQxmbi9Ou-Qafmu-6/view?usp=sharing
942 _cFOR
999 _c3509
_d3509